Evolución de los sistemas de producción agropecuaria en la región oriental de la provincia de La Pampa en relación al cambio en el régimen pluviométrico 1971-2000 /
Guardado en:
| Autor Principal: | |
|---|---|
| Autor Corporativo: | |
| Otros Autores: | , |
| Formato: | Manuscrito |
| Idioma: | Spanish |
| Publicado: |
2008.
|
| Materias: | |
| Acceso en línea: | Texto completo |
| Etiquetas: |
Agregar Etiqueta
Sin Etiquetas, Sea el primero en etiquetar este registro!
|
| LEADER | 01218ntm a22002535a 4500 | ||
|---|---|---|---|
| 001 | EEA.libagro009355 | ||
| 008 | 090810s2008####ag#a#####bm###000#0#spa#d | ||
| 005 | 20220511133231.0 | ||
| 245 | 1 | 0 | |a Evolución de los sistemas de producción agropecuaria en la región oriental de la provincia de La Pampa en relación al cambio en el régimen pluviométrico 1971-2000 / |c Graciela T. Vergara. |
| 260 | |c 2008. | ||
| 300 | |a xix, 134 h. : |b il. ; |c 30 cm. | ||
| 500 | |a "Teis de Magíster en Ciencias Agrarias". | ||
| 500 | |a Director de tesis: Roberto E. Brevedan, Eduardo Sierra. | ||
| 502 | |a Tesis (magíster)--Universidad Nacional del Sur. Departamento de Agronomía, 2008. | ||
| 504 | |a Incluye referencias bibliográficas (p. 129-134). | ||
| 530 | |a Disponible también en formato digital. | ||
| 100 | 1 | |a Vergara, Graciela T. | |
| 700 | 1 | |a Brevedan, Roberto Eric, |d 1936- | |
| 700 | 1 | |a Sierra, Eduardo. | |
| 710 | 2 | |a Universidad Nacional del Sur. |b Departamento de Agronomía. | |
| 650 | 7 | |a Producción agrícola. |2 unbist | |
| 653 | |a La Pampa (Argentina : Provincia) | ||
| 856 | |u http://repositoriodigital.uns.edu.ar/handle/123456789/1990 |3 Texto completo | ||
| 859 | |a AR-BbBCA |b BIB. AGRONOMIA |h 040 |i B148 2009-903v |p 120859/009 | ||
